<?xml version="1.0" encoding="UTF-8"?>
<record
    xmlns:xsi="http://www.w3.org/2001/XMLSchema-instance"
    xsi:schemaLocation="http://www.loc.gov/MARC21/slim http://www.loc.gov/standards/marcxml/schema/MARC21slim.xsd"
    xmlns="http://www.loc.gov/MARC21/slim">

  <leader>     nam a22     7a 4500</leader>
  <datafield tag="999" ind1=" " ind2=" ">
    <subfield code="c">29914</subfield>
    <subfield code="d">29914</subfield>
  </datafield>
  <controlfield tag="008">181012b        xxu||||| |||| 00| 0 eng d</controlfield>
  <datafield tag="050" ind1=" " ind2=" ">
    <subfield code="a">HV 5770 .C6M83 2011</subfield>
  </datafield>
  <datafield tag="100" ind1=" " ind2=" ">
    <subfield code="a">Gathuu Benard Mwaniki</subfield>
  </datafield>
  <datafield tag="245" ind1=" " ind2=" ">
    <subfield code="a">The effect of the implementation of tobacco act 2007 on financial  performance of cigarettes manufacturing firms in Kenya :</subfield>
    <subfield code="b">The case of bat Kenya LTD /</subfield>
  </datafield>
  <datafield tag="260" ind1=" " ind2=" ">
    <subfield code="a">Kenya :</subfield>
    <subfield code="c">2011.</subfield>
  </datafield>
  <datafield tag="300" ind1=" " ind2=" ">
    <subfield code="a">xi,56p. :</subfield>
    <subfield code="b">Ill , ;</subfield>
    <subfield code="c">30cm.</subfield>
  </datafield>
  <datafield tag="521" ind1=" " ind2=" ">
    <subfield code="a">Exucutive masters.</subfield>
  </datafield>
  <datafield tag="650" ind1=" " ind2=" ">
    <subfield code="a">tobacco act 2007 </subfield>
    <subfield code="x">effect of the implementation</subfield>
    <subfield code="y">financial performance </subfield>
    <subfield code="z">bat kenya </subfield>
  </datafield>
  <datafield tag="942" ind1=" " ind2=" ">
    <subfield code="2">lcc</subfield>
    <subfield code="c">RESEARCH</subfield>
  </datafield>
  <datafield tag="952" ind1=" " ind2=" ">
    <subfield code="0">0</subfield>
    <subfield code="1">0</subfield>
    <subfield code="2">lcc</subfield>
    <subfield code="4">0</subfield>
    <subfield code="7">0</subfield>
    <subfield code="a">MUC</subfield>
    <subfield code="b">MUC</subfield>
    <subfield code="c">AFR</subfield>
    <subfield code="d">2018-10-12</subfield>
    <subfield code="l">0</subfield>
    <subfield code="o">HV5770 . C6M83 2011</subfield>
    <subfield code="p">TD 21</subfield>
    <subfield code="r">2018-10-15</subfield>
    <subfield code="w">2018-10-12</subfield>
    <subfield code="y">RESEARCH</subfield>
  </datafield>
</record>
